The paradox of the Starits of Malacca : Balancing priorities for a sustainable waterway

Bibliographic Details
Main Author: Mohd Arshad Atta Mohamad
Format: Book
Published: Kuala Lumpur : Maritime Institute of Malaysia (MIMA) , 2014
Subjects:

MARC

LEADER 00000cam a2200000 7i4500
001 0000004109
005 20160427.0
020 0 0 |a 9789839275490 
090 0 0 |a 386.109595118   |b ARS 2014 
100 1 0 |a Mohd Arshad Atta Mohamad 
245 1 4 |a The paradox of the Starits of Malacca :   |b Balancing priorities for a sustainable waterway   |c edited by Mohd Arshad Atta Mohamad 
260 0 0 |a Kuala Lumpur :   |b Maritime Institute of Malaysia (MIMA) ,   |c 2014 
300 |a xii, 360 pages ;   |c 23 cm. 
650 0 0 |a Malacca Straits of management 
650 0 0 |a Territorial waters---Malacca 
998 |a JPSM 
999 |a 007983   |b Monograph   |c Open Shelf   |e Default branch